fundamental particles - Statistics

General Stats
  • This quiz has been taken 18 times
  • The average score is 9 of 12
Answer Stats
Hint Answer % Correct
lepton electron
100%
quark down
94%
quark up
94%
quark bottom
88%
quark charm
88%
quark strange
88%
quark top
88%
lepton muon
81%
lepton tau
69%
lepton electron neutrino
50%
lepton muon neutrino
44%
lepton tau neutrino
31%
No matching quizzes found
Score Distribution
Percent of People with Each Score
Percentile by Number Answered
Your Score History
You have not taken this quiz